• 首页
  • 本馆介绍
  • 公告通知
  • 最新文献
  • 馆藏检索
  • 电子资源
  • 读者导购
  • 参考咨询
  • 我的图书馆
  • 登录
  • 详细信息显示
  • 放入我的书架
  • 预约/预借图书
  • 作者相关作品
  • 分类相关作品
  • 丛书相关作品
  • 出版社相关作品

书目信息

  • 表格格式
  • 工作单格式
  • 卡片格式
题名:
普林斯顿大学 麻省理工大学
    
 
作者: 宋立志 编著
分册:  
出版信息: 北京   北京联合出版公司  2015.6
页数:
开本: 24cm
丛书名: 名人与名校
单 册:
中图分类: K812.5
科图分类:
主题词: 普林斯顿大学--校友--生平事迹 , 麻省理工大学--校友--生平事迹
电子资源:
ISBN: 978-7-5502-5464-0
000 00966oam2 2200265 450
001 012001003051
005 20140926114740.0
010    @a978-7-5502-5464-0@dCNY29.80
100    @a20150608d2015 em y0chiy0110 ea
101 0  @achi
102    @aCN@b110000
105    @ay z 000yy
106    @ar
200 1  @a普林斯顿大学 麻省理工大学@9pu lin si dun da xue   ma sheng li gong da xue@f宋立志编著
210    @a北京@c北京联合出版公司@d2015.6
215    @d24cm
225 2  @a名人与名校
330    @a本书介绍了普林斯顿大学和麻省理工大学毕业的多位学者、专家,书写了他们凭借自己的勤奋刻苦,聪明智慧以及坚持不懈的努力赢得了举世瞩目的非凡成就,为发展祖国的科学教育事业,为推进世界科学技术进程做出了卓越的贡献。
461  0 @12001 @a名人与名校
606 0  @a普林斯顿大学@x校友@x生平事迹
606 0  @a麻省理工大学@x校友@x生平事迹
690    @aK812.5@v5
701  0 @a宋立志@9song li zhi@4编著
801  0 @aCN@b上海新华@c20180901
905    @b1162020-4@dK812.5@e44@f5
    
    普林斯顿大学 麻省理工大学/宋立志编著.-北京:北京联合出版公司,2015.6
    24cm.-(名人与名校)
    
    
    ISBN 978-7-5502-5464-0:CNY29.80
    本书介绍了普林斯顿大学和麻省理工大学毕业的多位学者、专家,书写了他们凭借自己的勤奋刻苦,聪明智慧以及坚持不懈的努力赢得了举世瞩目的非凡成就,为发展祖国的科学教育事业,为推进世界科学技术进程做出了卓越的贡献。
●
相关链接 在E读中查询图书 在五车中查询图书 在当当中查询图书 在豆瓣中查询图书


正题名:普林斯顿大学 麻省理工大学     索取号:K812.5/44         预约/预借

序号 登录号 条形码 馆藏地/架位号 状态 备注
1 1162020   211620209   第二样本阅览室/ [索取号:K812.5/44] 在馆    
2 1162021   211620218   第二借阅区/ [索取号:K812.5/44] 在馆    
3 1162022   211620227   第二借阅区/ [索取号:K812.5/44] 在馆    
4 1162023   211620236   密集书库-史法系/ [索取号:K812.5/44] 在馆    
5 1162024   211620245   第二借阅区/ [索取号:K812.5/44] 在馆    
唐山师范学院图书馆 欢迎您!
大连网信软件有限公司© 版权所有